| 000 | 00870nas a2200277 4500 | ||
|---|---|---|---|
| 001 | BR2012006457 | ||
| 003 | BR-BrBNA | ||
| 005 | 20231205121045.0 | ||
| 007 | ta | ||
| 008 | 230509b bl.|||p| |||| 00| 00por d | ||
| 040 |
_aBR-BrBNA _bpor _cBiblioteca Nacional de Agricultura |
||
| 041 | _a(Pt) | ||
| 072 | _aL70 | ||
| 100 | 1 | _aMelchert, A. | |
| 100 | 1 | _aLaposy, C.B. | |
| 100 | 1 | _aGuasi, V.H.B. | |
| 100 | 1 | _aValle, H.F.D. | |
| 100 | 1 | _aSantos, G.C. | |
| 245 | 1 | _aEletrocardiografia computadorizada em cavalos Puro Sangue Lusitano submetidos a exercício físico | |
| 650 | _aCAVALO | ||
| 650 | _aELETROCARDIOGRAFIA | ||
| 650 | _aCORAÇÃO | ||
| 773 | 0 |
_tArquivo Brasileiro de Medicina Veterinária e Zootecnia (Brazil) _xISSN 0102-0935 _g(Jun 2012), v. 64(3) p. 547-554 _wBR2012006457 |
|
| 909 |
_a202311 _bLúcia _c55 _dLúcia Elande |
||
| 942 |
_2AGRIS _n0 _cANA |
||
| 999 |
_c221643 _d221643 |
||